000 00675nam a2200229Ia 4500
003 GCL
008 140319s9999 xx 000 0 ara d
040 _aGCL /
_cGCL
082 0 4 _a810.8
_bص ك
100 1 _aصادق نشات (مترجم)
245 1 0 _aكشكول نشات /
_cصادق نشات (مترجم)
260 _a[S.N] :
_bمكتبة الانجلوالمصرية
300 _a354 ص
490 _a
650 0 4 _aالشعر العربى
650 0 4 _aالادب العربى
650 0 4 _aالنثر العربى
650 0 4 _aالامثال العربية
650 0 4 _aالنوادرالعربية
650 0 4 _aالمجموعات
942 _2ddc
_cBK
999 _c33018
_d33018